000
00253nam a22001097a 4500
008
140515t xxu||||| |||| 00| 0 eng d
020
_a
0-387-39238-6
100
_a
Darren R. Flower
_9
853
245
_a
in Silico Immunology
300
_a
450
942
_2
ddc
_c
BK
999
_c
17096
_d
17096